000 00728nam a2200229 a 4500
005 20240412113848.0
008 100806t1981||||sp a f |||| 00| 0 spa d
020 _a8471791234
041 _aspa
092 _c616
_l10
_sCAD
100 1 _aCadoppi, Norma.
_93008
245 _aFisiopatología Respiratoria /
_cN. Cadoppi
250 _a1a ed.
260 _aBuenos Aires:
_bCelcius;
_c1981.
300 _a87 p.
_bil.
500 _aCadoppi, N. y Katz, I. F. (1981). Fisiopatología respiratoria. (1a ed.). Buenos Aires : Celsius.
653 _aRecuerdo anatomo- histológico
653 _aFisiología respiratoria
653 _aFisiopatología respiratoria
700 1 _aKatz, I. F.
_q[Ignacio Fabio]
_93009
942 _2ddc
_cBK
999 _c2212
_d2212